Pla de Cultura de l'Ajuntament de Sant Cugat del Vallès
ISBN:
84-9803-157-5
Publicado:
Barcelona :
Diputació de Barcelona. Àrea de Cultura. Centre d'Estudis i Recursos Culturals ,
2006
Descripción Física:
87 p. : taules ; 29 cm
Colección:
Documents de treball.
MARC
| LEADER | 00000nam a2200000Ia 4500 | ||
|---|---|---|---|
| 001 | 18576 | ||
| 008 | 160829s2006 xx 000 0 cat d | ||
| 020 | |a 84-9803-157-5 | ||
| 080 | |a M-5-358 | ||
| 245 | |a Pla de Cultura de l'Ajuntament de Sant Cugat del Vallès | ||
| 260 | |a Barcelona : |b Diputació de Barcelona. Àrea de Cultura. Centre d'Estudis i Recursos Culturals, |c 2006 | ||
| 300 | |a 87 p. : |b taules ; |c 29 cm | ||
| 490 | |a Documents de treball. |x Recursos culturals ; 2 | ||
| 610 | 1 | 0 | |a Sant Cugat del Vallès (Catalunya). |b Ajuntament |9 53923 |
| 650 | 0 | |a Cultura |z Sant Cugat del Vallès (Catalunya) |9 22630 | |
| 710 | 1 | |a Barcelona (Catalunya : Província). |b Centre d'Estudis i Recursos Culturals |9 52487 | |
| 710 | 1 | |a Barcelona (Catalunya : Província). |b Àrea de Cultura |9 53536 | |
| 901 | |a Arxiu | ||
| 942 | |n 1 | ||
| 952 | |0 0 |1 0 |4 0 |6 M5358 |7 1 |9 42258 |a Arxiu |b Arxiu |d 2016-12-01 |l 0 |o M-5-358 |p 18576 |r 2016-12-01 00:00:00 |w 2016-12-01 |y ARXIU | ||
| 999 | |c 44736 |d 44736 | ||